Histological Image Data Processing Using Methods of Computer Vision and Deep Neural Networks

Na minha lista:
Detalhes bibliográficos
Autor principal: Sivák, Martin (Author)
Outros Autores: Benešová, Vanda (Thesis advisor)
Formato: Manuscrito Livro
Idioma:eslovaco
inglês
Publicado em: 2025
Assuntos:
Acesso em linha:http://is.stuba.sk/zp/portal_zp.pl?podrobnosti=169041
Tags: Adicionar Tag
Sem tags, seja o primeiro a adicionar uma tag!

MARC

LEADER 00000ntm a22000003a 4500
001 stuzp102937
003 SK-STU
005 20250614211846.4
007 ta
008 150427s2015----xo-----f-mn---000-0-slo-d
040 |a STU  |b slo 
041 0 |a eng 
100 1 |a Sivák, Martin  |u 070400  |4 aut  |U FIIT Fakulta informatiky a informačných technológií  |T FIIT Ústav počítačového inžinierstva a aplikovanej informatiky  |X 116291  |U I400  |Y 672  |7 116291 
242 0 1 |a Spracovanie histologických obrazových dát metódami počítačového videnia a hlbokých neurónových sietí  |y slo 
245 1 0 |a Histological Image Data Processing Using Methods of Computer Vision and Deep Neural Networks 
260 |c 2025 
650 4 |a digital pathology  |2 eng 
650 4 |a computer vision  |2 eng 
650 4 |a deep learning  |2 eng 
650 4 |a hlboké učenie  |2 slo 
650 4 |a digitálna patológia  |2 slo 
650 4 |a počítačové videnie  |2 slo 
700 1 |a Benešová, Vanda  |u 070400  |k Z1  |4 ths  |U FIIT Fakulta informatiky a informačných technológií  |T FIIT Ústav počítačového inžinierstva a aplikovanej informatiky  |X 63121  |U I400  |Y 672  |7 63121 
856 4 |u http://is.stuba.sk/zp/portal_zp.pl?podrobnosti=169041